| 000 | 00441pab a2200157 454500 | ||
|---|---|---|---|
| 008 | 180718b1996 xxu||||| |||| 00| 0 eng d | ||
| 100 | _aZaidi, S. Akbar | ||
| 245 | _aUrban local government in Pakistan expecting too much from too little? | ||
| 260 | _c1996 | ||
| 300 | _ap.2948-953 | ||
| 362 | _a2 Nov | ||
| 650 | _aLocal government - Pakistan | ||
| 650 | _aLocal government | ||
| 773 | _aEconomic and Political Weekly | ||
| 909 | _a32534 | ||
| 999 |
_c32534 _d32534 |
||